000 01202nam a2200241Ia 4500
999 _c41549
_d41549
001 8217
003 GE_BSU
005 20240416153515.0
008 181216s2013||||ge |||||||||||||| ||und||
020 _a9789941220395
040 _cGE_BSU
041 _ageo
080 _a82.05(042.4) ბ-52
100 _aბერიძე-მელიქიშვილი, ეთერ
_99678
245 _aრიტორიკა :
_bლექციების კურსი /
_cრედ. ნანა ცეცხლაძე.
264 _aთბილისი :
_bუნივერსალი,
_c2013.
300 _a290 გვ. ;
_c20 სმ.
504 _aბიბლიოგრ. : გვ. 287-290
653 _aრიტორიკა
700 _aცეცხლაძე, ნანა
_eრედაქტორი
_94739
710 _a ბათუმის შოთა რუსთაველის სახელმწიფო უნივერსიტეტი
_bგანათლებისა და მეცნიერების ფაკულტეტი, ქართული ფილოლოგიი დეპარტამენტი
_921814
942 _cBK
_2udc